000 00606nam a22002177a 4500
001 29999
003 BD-RjUL
005 20211209051508.0
008 140408r19721963enk||||| |||| 001 0 eng d
035 _a(BD-RjUL)30084
040 _aBD-RjUL
_beng
_cBD-RjUL
_dBD-RjUL
041 _aeng
082 0 4 _a510.1
_bNID 1972
100 1 _a Nidditch, P H
_95560
245 1 4 _aThe development of mathematical logic /
_cby P H Nidditch
260 _aLondon :
_bRoutledge & Kegan,
_c1972.
300 _aviii, 88p. ;
_c17cm.
504 _aInclude index
650 0 _aMathematics --Philosophy.
_991258
942 _2ddc
_cBK
999 _c29999
_d29999